[Event "29.Schlosspark-Open"]
[Site "Wiesbaden-Biebrich"]
[Date "2017.08.26"]
[Round "4.50"]
[White "Reinisch, Markus"]
[Black "Lehnert, Michael"]
[Result "1/2-1/2"]
[WhiteElo "1727"]
[BlackElo "1918"]
[PlyCount "60"]
[EventDate "2017.??.??"]
[WhiteTeam "Wiesbadener SV"]
[BlackTeam "SV Hofheim"]

1. d4 e6 2. Nf3 b6 3. g3 Bb7 4. Bg2 f5 5. c4 Nf6 6. Nc3 Bb4 7. Bd2 O-O 8. O-O
Bxc3 9. Bxc3 d6 10. b4 Qe7 11. Qb3 Nbd7 12. Rfe1 Ne4 13. Bb2 Rab8 14. Rad1 d5
15. a3 c5 16. dxc5 bxc5 17. Ba1 dxc4 18. Qxc4 Bd5 19. Rxd5 exd5 20. Qxd5+ Qf7
21. Qxf7+ Kxf7 22. bxc5 Ndxc5 23. Ne5+ Kg8 24. f3 Nd2 25. Bc3 Ndb3 26. f4 Rbd8
27. Nc6 Rd7 28. Bb4 a5 29. Nxa5 Nxa5 30. Bxc5 Rc8 1/2-1/2

[Event "29.Schlosspark-Open"]
[Site "Wiesbaden-Biebrich"]
[Date "2017.08.26"]
[Round "4.51"]
[White "Gürtler, Karl-Heinz"]
[Black "Köllner, Felicitas Ophelia"]
[Result "1/2-1/2"]
[WhiteElo "1912"]
[BlackElo "1740"]
[PlyCount "69"]
[EventDate "2017.??.??"]
[WhiteTeam "SC Ober-Ramstadt"]
[BlackTeam "SV Bergneustadt/Derschlag"]

1. e4 d6 2. d4 Nf6 3. Nc3 e5 4. Nf3 Nbd7 5. Bc4 Be7 6. O-O O-O 7. Bb3 c6 8. a4
a5 9. Qe2 Qc7 10. h3 h6 11. Be3 Re8 12. Qc4 Rf8 13. dxe5 dxe5 14. Nd5 Nxd5 15.
exd5 Nf6 16. dxc6 bxc6 17. Qe2 Ba6 18. Bc4 Bxc4 19. Qxc4 Rab8 20. b3 Nd5 21.
Bc5 Bxc5 22. Qxc5 Rfe8 23. Rfe1 f6 24. g3 Kh8 25. Rad1 Red8 26. Nh4 Ne7 27. Ng2
Rxd1 28. Rxd1 Rd8 29. Rxd8+ Qxd8 30. Ne3 Nd5 31. Qxc6 Nxe3 32. fxe3 Qd1+ 33.
Kf2 Qd2+ 34. Kf1 Qd1+ 35. Kf2 1/2-1/2

[Event "29.Schlosspark-Open"]
[Site "Wiesbaden-Biebrich"]
[Date "2017.08.26"]
[Round "4.52"]
[White "Knödler, Marcel"]
[Black "Kleehammer, Otto"]
[Result "0-1"]
[WhiteElo "1581"]
[BlackElo "1911"]
[PlyCount "56"]
[EventDate "2017.??.??"]
[WhiteTeam "FC Bierstadt"]
[BlackTeam "vereinslos"]

1. c4 b6 2. Nf3 Bb7 3. Nc3 e6 4. a3 f5 5. e3 Nf6 6. b3 Be7 7. Be2 O-O 8. Qc2 h6
9. Bb2 a5 10. h3 Na6 11. d4 Ne4 12. Bd3 Nxc3 13. Bxc3 Bf6 14. O-O-O Qe7 15. a4
d5 16. Kd2 c5 17. Rb1 Rfd8 18. Ke2 Rac8 19. Rhd1 Qf7 20. Qa2 cxd4 21. exd4 Kh8
22. Qb2 Qh5 23. Rh1 Nb4 24. Bxb4 axb4 25. Rbd1 Bxd4 26. Qxd4 dxc4 27. Qe3 cxd3+
28. Rxd3 Ba6 0-1

[Event "29.Schlosspark-Open"]
[Site "Wiesbaden-Biebrich"]
[Date "2017.08.26"]
[Round "4.53"]
[White "Rowland, Anthony"]
[Black "Zerhusen, Martin"]
[Result "1/2-1/2"]
[WhiteElo "1904"]
[BlackElo "1731"]
[PlyCount "29"]
[EventDate "2017.??.??"]
[WhiteTeam "SC Taunusstein"]
[BlackTeam "SV Oberursel"]

1. c4 c5 2. g3 Nc6 3. Bg2 d6 4. Nc3 Bd7 5. Nf3 Nf6 6. O-O g6 7. d4 cxd4 8. Nxd4
Bg7 9. Bg5 O-O 10. Rc1 Nxd4 11. Qxd4 Bc6 12. Qd2 Bxg2 13. Kxg2 Rc8 14. Nd5 Nxd5
15. cxd5 1/2-1/2

[Event "29.Schlosspark-Open"]
[Site "Wiesbaden-Biebrich"]
[Date "2017.08.26"]
[Round "4.54"]
[White "Denninger, David"]
[Black "Modric, Vladimir"]
[Result "1/2-1/2"]
[WhiteElo "1585"]
[BlackElo "1894"]
[PlyCount "45"]
[EventDate "2017.??.??"]
[WhiteTeam "SC JÃ„KLECHEMIE"]
[BlackTeam "SC Nied"]

1. e4 Nc6 2. d4 d6 3. Bg5 h6 4. Bh4 g5 5. Bg3 Bg7 6. c3 e5 7. d5 Nce7 8. Bd3
Nf6 9. Ne2 Ng6 10. f3 Nf4 11. O-O Bd7 12. Na3 Rg8 13. Bb5 h5 14. Nxf4 gxf4 15.
Bxd7+ Nxd7 16. Bf2 Bh6 17. Kh1 h4 18. h3 Qg5 19. Rg1 f5 20. Nb5 Qd8 21. Qe1 a6
22. Na3 fxe4 23. Qxe4 1/2-1/2

[Event "29.Schlosspark-Open"]
[Site "Wiesbaden-Biebrich"]
[Date "2017.08.26"]
[Round "4.55"]
[White "Seickel, Ralf"]
[Black "Brauch, Manfred"]
[Result "1-0"]
[WhiteElo "2047"]
[BlackElo "1626"]
[PlyCount "87"]
[EventDate "2017.??.??"]
[WhiteTeam "vereinslos"]
[BlackTeam "Barmbeker SK"]

1. c4 f5 2. g3 Nf6 3. Bg2 g6 4. d4 Bg7 5. Nc3 O-O 6. Nf3 d6 7. O-O e6 8. b4 c6
9. Bb2 Na6 10. Qb3 Nc7 11. a4 a6 12. a5 Ne4 13. Nxe4 fxe4 14. Nd2 d5 15. f3 Bh6
16. Rad1 e3 17. Nb1 dxc4 18. Qxc4 Nd5 19. Nc3 Bd7 20. Ne4 Be8 21. Nc5 Qe7 22.
f4 Bf7 23. Nd3 g5 24. fxg5 Bxg5 25. Ne5 Bh5 26. Ba3 Rf2 27. Bf3 Bxf3 28. Nxf3
Qg7 29. Rxf2 exf2+ 30. Kxf2 Qg6 31. Qd3 Be3+ 32. Ke1 Qg4 33. Bc1 Bxc1 34. Rxc1
Rf8 35. Qd2 Rf5 36. Kf2 Nf6 37. Kg2 Rh5 38. Qf4 Qh3+ 39. Kg1 Rf5 40. Qb8+ Kg7
41. Qxb7+ Kh6 42. Qe7 Qg4 43. Qxe6 Qh5 44. Rxc6 1-0

[Event "29.Schlosspark-Open"]
[Site "Wiesbaden-Biebrich"]
[Date "2017.08.26"]
[Round "4.56"]
[White "Kuckel, Michael"]
[Black "Kolker, Vladislav"]
[Result "0-1"]
[WhiteElo "1728"]
[BlackElo "2044"]
[PlyCount "120"]
[EventDate "2017.??.??"]
[WhiteTeam "SC Matt im Park"]
[BlackTeam "SC Bad Nauheim"]

1. d4 Nf6 2. Nf3 g6 3. c4 Bg7 4. Nc3 O-O 5. e4 d6 6. Be2 Na6 7. O-O e5 8. dxe5
dxe5 9. Bg5 h6 10. Bh4 Qe8 11. Qd2 Kh7 12. h3 Nc5 13. Bxf6 Bxf6 14. Nd5 Bd8 15.
Qe3 b6 16. b4 Nb7 17. Rad1 c6 18. Nc3 Bf6 19. Rd2 Qe7 20. b5 cxb5 21. Nd5 Qd6
22. Nxf6+ Qxf6 23. cxb5 Be6 24. Qc3 Nc5 25. Qxe5 Qxe5 26. Nxe5 Nxe4 27. Rc2 Nc5
28. Bf3 Rac8 29. Nc6 Rc7 30. Rd2 Bc4 31. Be2 Bxe2 32. Rxe2 a6 33. Nd4 Rd8 34.
Nc6 Rd6 35. Nb4 axb5 36. Rfe1 Ne6 37. g3 Rc4 38. a3 Nd4 39. Re3 Re6 40. Kg2
Rxe3 41. Rxe3 Nc6 42. Nxc6 Rxc6 43. Rb3 Rc5 44. h4 Kg7 45. Kf3 Kf6 46. Ke3 Ke5
47. f3 Kd5 48. Rd3+ Kc6 49. Rb3 Rc4 50. Kd3 Kc5 51. Rb2 b4 52. axb4+ Rxb4 53.
Rc2+ Kd5 54. Rc3 b5 55. Ra3 Ra4 56. Rb3 b4 57. Kc2 Kc4 58. Re3 Ra2+ 59. Kb1 Ra3
60. Re4+ Kd5 0-1

[Event "29.Schlosspark-Open"]
[Site "Wiesbaden-Biebrich"]
[Date "2017.08.26"]
[Round "4.58"]
[White "Schomann, Michael"]
[Black "Launert, Martin"]
[Result "1/2-1/2"]
[WhiteElo "1705"]
[BlackElo "1894"]
[PlyCount "101"]
[EventDate "2017.??.??"]
[WhiteTeam "TSV Kücknitz"]
[BlackTeam "Sfr. Erbach"]

1. d4 d5 2. c4 Nf6 3. Nc3 e6 4. Nf3 Be7 5. Bg5 h6 6. Bh4 Nbd7 7. e3 O-O 8. cxd5
exd5 9. Bd3 Re8 10. O-O c6 11. Bxf6 Bxf6 12. h3 Nf8 13. Qc2 g6 14. Rad1 Bg7 15.
e4 dxe4 16. Bxe4 Be6 17. d5 cxd5 18. Bxd5 Qc8 19. Bxe6 Nxe6 20. Rc1 Nf4 21.
Rfe1 Qc6 22. Qd2 Rxe1+ 23. Rxe1 Nxh3+ 24. gxh3 Qxf3 25. Re3 Qf6 26. Qd7 Qc6 27.
Qd1 Re8 28. Rxe8+ Qxe8 29. Qd2 Qe6 30. Kg2 Qc6+ 31. f3 Kh7 32. Ne4 Qe6 33. b3
Qe5 34. Nd6 Qe7 35. Nc8 Qc5 36. Nd6 Qc7 37. Ne8 Qe7 38. Nxg7 Kxg7 39. Qd4+ Kh7
40. Qxa7 Qg5+ 41. Kf1 Qc1+ 42. Ke2 Qc2+ 43. Ke3 Qc1+ 44. Kf2 Qd2+ 45. Kg3 Qd5
46. Qe3 Kg7 47. Qe7 b6 48. Qe3 Qb5 49. Qd4+ Kg8 50. Qd8+ Kg7 51. Qd4+ 1/2-1/2

[Event "29.Schlosspark-Open"]
[Site "Wiesbaden-Biebrich"]
[Date "2017.08.26"]
[Round "4.59"]
[White "Lohrmann, Tabea"]
[Black "Hoffmann, Jens"]
[Result "0-1"]
[WhiteElo "1703"]
[BlackElo "1869"]
[PlyCount "52"]
[EventDate "2017.??.??"]
[WhiteTeam "SC Waldkirch"]
[BlackTeam "SF HN-Biberach"]

1. e4 c5 2. Nf3 d6 3. d4 cxd4 4. Nxd4 Nf6 5. Nc3 a6 6. f3 e5 7. Nb3 Be6 8. Be3
Be7 9. Qd2 O-O 10. O-O-O Nbd7 11. Kb1 b5 12. g4 b4 13. Ne2 a5 14. h4 a4 15.
Nbc1 Rb8 16. h5 b3 17. cxb3 axb3 18. a3 Nb6 19. Ng3 d5 20. exd5 Nfxd5 21. Bd3
Bxa3 22. bxa3 Na4 23. Nce2 Qe7 24. Rh2 Qxa3 25. Nc1 Nac3+ 26. Qxc3 Nxc3# 0-1

[Event "29.Schlosspark-Open"]
[Site "Wiesbaden-Biebrich"]
[Date "2017.08.26"]
[Round "4.60"]
[White "Michels, Fabio"]
[Black "Schlitzer, Felix"]
[Result "0-1"]
[WhiteElo "1695"]
[BlackElo "1837"]
[PlyCount "40"]
[EventDate "2017.??.??"]
[WhiteTeam "SG Mörsdorf-Lahr"]
[BlackTeam "TuS Dotzheim"]

1. c4 Nf6 2. g3 g6 3. Bg2 Bg7 4. Nc3 O-O 5. e4 d6 6. Nge2 c5 7. O-O Nc6 8. h3
Bd7 9. d3 a6 10. a4 Rb8 11. f4 Nb4 12. g4 b5 13. f5 bxc4 14. dxc4 Nc6 15. Rb1
Ne5 16. b3 Bc6 17. Nd5 Nxc4 18. Nxf6+ exf6 19. Qd3 Ne5 20. Qxa6 Ra8 0-1

[Event "29.Schlosspark-Open"]
[Site "Wiesbaden-Biebrich"]
[Date "2017.08.26"]
[Round "4.61"]
[White "Do, Nam"]
[Black "Stieg, Bastian"]
[Result "1/2-1/2"]
[WhiteElo "1862"]
[BlackElo "1730"]
[PlyCount "91"]
[EventDate "2017.??.??"]
[WhiteTeam "SK Sandhausen"]
[BlackTeam "SV Oberursel"]

1. e4 e6 2. d4 d5 3. Nc3 Nf6 4. Bg5 Be7 5. Bxf6 Bxf6 6. e5 Be7 7. Qg4 g6 8.
O-O-O c5 9. Nge2 Nc6 10. f4 c4 11. Qf3 b5 12. Ng3 b4 13. Na4 Bd7 14. b3 c3 15.
Bb5 Qa5 16. Qd3 a6 17. Bxc6 Bxc6 18. Rdf1 Bb5 19. Qf3 Bxa4 20. bxa4 Qxa4 21.
Kd1 Qxa2 22. Qd3 Qc4 23. Qe3 b3 24. cxb3 Qxb3+ 25. Ke2 Qc4+ 26. Kf3 a5 27. Rc1
Bb4 28. Rc2 a4 29. Ne2 Qb3 30. Rhc1 Ba3 31. Rxc3 Bxc1 32. Qxc1 Qb8 33. Qa3 Qd8
34. Qc5 a3 35. Rxa3 Rxa3+ 36. Qxa3 Qe7 37. Qa8+ Qd8 38. Qa3 Qe7 39. Qa8+ Qd8
40. Qa3 Rf8 41. Qa4+ Ke7 42. Qa7+ Qd7 43. Qa3+ Ke8 44. Qa8+ Qd8 45. Qa4+ Ke7
46. Qa7+ 1/2-1/2

[Event "29.Schlosspark-Open"]
[Site "Wiesbaden-Biebrich"]
[Date "2017.08.26"]
[Round "4.62"]
[White "Weiland, Thomas"]
[Black "Ziegler, Jörg"]
[Result "0-1"]
[WhiteElo "1844"]
[BlackElo "1724"]
[PlyCount "78"]
[EventDate "2017.??.??"]
[WhiteTeam "SV Oberursel"]
[BlackTeam "BKA Wiesbaden"]

1. d4 Nf6 2. c4 g6 3. Nc3 Bg7 4. Nf3 O-O 5. g3 d6 6. Bg2 c6 7. O-O Re8 8. Re1
Nbd7 9. e4 e5 10. dxe5 Nxe5 11. Nxe5 dxe5 12. Be3 Be6 13. b3 Qa5 14. Qc2 Rad8
15. Rad1 Ng4 16. Bg5 Rd4 17. Ne2 Rxd1 18. Rxd1 Qb6 19. Nc3 Bf8 20. h3 Nxf2 21.
Na4 Nxh3+ 22. Kh2 Qf2 23. Qxf2 Nxf2 24. Rf1 Ng4+ 25. Kg1 h6 26. Bc1 Rd8 27. Bh3
Rd3 28. Kg2 Ne3+ 29. Bxe3 Bxh3+ 30. Kxh3 Rxe3 31. Rd1 b5 32. cxb5 cxb5 33. Nb2
Rxe4 34. Rd7 Bc5 35. Nd3 Bb6 36. Re7 f6 37. a3 Re3 38. Rd7 Bd4 39. a4 Rxd3 0-1

[Event "29.Schlosspark-Open"]
[Site "Wiesbaden-Biebrich"]
[Date "2017.08.26"]
[Round "4.63"]
[White "Salecker, Phil"]
[Black "Miosga, Stefan"]
[Result "0-1"]
[WhiteElo "1673"]
[BlackElo "1824"]
[PlyCount "50"]
[EventDate "2017.??.??"]
[WhiteTeam "SC FK Babenhausen"]
[BlackTeam "SP Plesse Bovenden"]

1. c4 Nf6 2. Nc3 c5 3. g3 g6 4. Bg2 Bg7 5. Nf3 O-O 6. O-O Nc6 7. d3 e6 8. Bf4
d5 9. Ne5 Nh5 10. Nxc6 bxc6 11. Bd2 Qd6 12. Rc1 Bd7 13. b3 f5 14. Na4 Rac8 15.
Qc2 Rc7 16. Ba5 Rcc8 17. cxd5 cxd5 18. Nxc5 Bd4 19. b4 f4 20. g4 Nf6 21. Bf3 e5
22. g5 Bh3 23. Bg2 Rxc5 24. bxc5 Qe6 25. gxf6 Qg4 0-1

[Event "29.Schlosspark-Open"]
[Site "Wiesbaden-Biebrich"]
[Date "2017.08.26"]
[Round "4.64"]
[White "Boder, Jan"]
[Black "Niedenthal, Robert"]
[Result "0-1"]
[WhiteElo "1808"]
[BlackElo "1707"]
[PlyCount "84"]
[EventDate "2017.??.??"]
[WhiteTeam "SG Mörsdorf-Lahr"]
[BlackTeam "SV Hofheim"]

1. c4 c5 2. g3 Nc6 3. Bg2 g6 4. e4 Bg7 5. Ne2 e6 6. Nbc3 Nge7 7. d3 O-O 8. O-O
a6 9. f4 Nd4 10. Be3 Nec6 11. h3 Rb8 12. a4 d6 13. g4 Nxe2+ 14. Qxe2 Nd4 15.
Bxd4 Bxd4+ 16. Kh2 Qh4 17. f5 Be5+ 18. Kg1 Bd4+ 19. Kh1 Bd7 20. Qf3 Bc6 21. f6
Be5 22. Ra2 Rbd8 23. Raa1 Rd7 24. a5 Rfd8 25. Rae1 h6 26. Re2 Kh7 27. Na2 d5
28. exd5 exd5 29. Rxe5 dxc4 30. Qf2 Qxh3+ 31. Kg1 Qxg4 32. Kh2 Rxd3 33. Rfe1
R8d4 34. R1e2 Rf4 35. Qe1 Rxf6 36. Nc3 Bxg2 37. Rxg2 Rh3+ 38. Kg1 Qd4+ 39. Rf2
Rxf2 40. Qxf2 Rh1+ 41. Kg2 Rh2+ 42. Kxh2 Qxf2+ 0-1

[Event "29.Schlosspark-Open"]
[Site "Wiesbaden-Biebrich"]
[Date "2017.08.26"]
[Round "4.65"]
[White "Schwenk, Stefan"]
[Black "Schöber, Sebastian"]
[Result "1-0"]
[WhiteElo "1640"]
[BlackElo "1808"]
[PlyCount "77"]
[EventDate "2017.??.??"]
[WhiteTeam "TuS Dotzheim"]
[BlackTeam "Wiesbadener SV"]

1. c4 c5 2. g3 Nc6 3. Bg2 d6 4. Nc3 g6 5. e3 e5 6. a3 Be6 7. d3 Nge7 8. Nge2
Bg7 9. O-O O-O 10. Rb1 a5 11. Bd2 Qd7 12. Nd5 Nc8 13. b4 axb4 14. axb4 Bh3 15.
b5 Bxg2 16. Kxg2 Nd8 17. Nec3 Ne6 18. Qc2 Ng5 19. f4 Qh3+ 20. Kh1 exf4 21. Nxf4
Qd7 22. Ncd5 Qd8 23. Bc3 Be5 24. Qb2 Re8 25. b6 Ra6 26. d4 cxd4 27. Bxd4 f6 28.
Nd3 Ne4 29. N3b4 Ra5 30. Nc6 bxc6 31. b7 cxd5 32. b8=Q Ne7 33. Qxd8 Rxd8 34.
cxd5 Raa8 35. Qc2 f5 36. Rb7 Nxd5 37. Qc4 Ra5 38. Rc1 Rda8 39. Qc8+ 1-0

[Event "29.Schlosspark-Open"]
[Site "Wiesbaden-Biebrich"]
[Date "2017.08.26"]
[Round "4.66"]
[White "Diener, Carolin Valeria"]
[Black "Rupp, Arnim"]
[Result "1-0"]
[WhiteElo "1774"]
[BlackElo "1704"]
[PlyCount "43"]
[EventDate "2017.??.??"]
[WhiteTeam "SK Bad Homburg"]
[BlackTeam "SC Eschborn"]

1. e4 d5 2. exd5 Nf6 3. Bb5+ Bd7 4. Be2 Nxd5 5. d4 Nc6 6. Nf3 g6 7. O-O Bg7 8.
c4 Nf6 9. Nc3 Bg4 10. Be3 e6 11. h3 Bxf3 12. Bxf3 Qd7 13. Qd2 O-O 14. Rac1 Rab8
15. b3 Rfd8 16. Rfd1 Ne8 17. d5 Ne5 18. Be2 Nf6 19. f4 Nxc4 20. Bxc4 a6 21.
dxe6 Qe7 22. exf7+ 1-0

[Event "29.Schlosspark-Open"]
[Site "Wiesbaden-Biebrich"]
[Date "2017.08.26"]
[Round "4.67"]
[White "Triantafillidis, Simeon"]
[Black "Traut, Stefan"]
[Result "1-0"]
[WhiteElo "1801"]
[BlackElo "1698"]
[PlyCount "47"]
[EventDate "2017.??.??"]
[WhiteTeam "SF HN-Biberach"]
[BlackTeam "SF Heusenstamm"]

1. e4 d5 2. exd5 Qxd5 3. Nc3 Qa5 4. d4 c6 5. Bc4 Nf6 6. Nf3 Bf5 7. Bd2 Qc7 8.
Ne5 e6 9. Qe2 Bd6 10. Bb3 Nbd7 11. f4 Be7 12. g4 Bg6 13. h4 h6 14. O-O-O Nxe5
15. dxe5 Nd5 16. Nxd5 cxd5 17. Ba4+ Kf8 18. Rhf1 Rc8 19. f5 exf5 20. gxf5 Bh7
21. f6 gxf6 22. exf6 Bd8 23. Bxh6+ Kg8 24. Qe8# 1-0

[Event "29.Schlosspark-Open"]
[Site "Wiesbaden-Biebrich"]
[Date "2017.08.26"]
[Round "4.68"]
[White "Haftmann, Rainer"]
[Black "Viol, Julius"]
[Result "0-1"]
[WhiteElo "1800"]
[BlackElo "1589"]
[PlyCount "82"]
[EventDate "2017.??.??"]
[WhiteTeam "SG Dietzenbach"]
[BlackTeam "FC Bierstadt"]

1. e4 Nf6 2. Nc3 d5 3. exd5 Nxd5 4. Nf3 Bg4 5. Be2 e6 6. O-O Nc6 7. d3 Be7 8.
Nxd5 exd5 9. Bf4 O-O 10. c3 Bd6 11. Qd2 Re8 12. Rfe1 Qd7 13. Bxd6 Qxd6 14. Qg5
Bxf3 15. Bxf3 Ne5 16. Re3 Nxf3+ 17. Rxf3 Qe5 18. Qxe5 Rxe5 19. Re3 Rxe3 20.
fxe3 f5 21. Rf1 g6 22. Rf4 Re8 23. Kf2 Re6 24. Rb4 Rb6 25. Rxb6 axb6 26. Kf3
Kf7 27. Kf4 Kf6 28. h4 h6 29. g4 g5+ 30. hxg5+ hxg5+ 31. Kf3 c5 32. gxf5 Kxf5
33. b3 b5 34. a3 c4 35. bxc4 bxc4 36. d4 g4+ 37. Kg3 Ke4 38. Kxg4 Kxe3 39. Kf5
Kd3 40. Ke5 Kxc3 41. Kxd5 Kb3 0-1

[Event "29.Schlosspark-Open"]
[Site "Wiesbaden-Biebrich"]
[Date "2017.08.26"]
[Round "4.69"]
[White "Houtsma, Sybrand"]
[Black "Bakiev, Diyor"]
[Result "0-1"]
[WhiteElo "1798"]
[BlackElo "1627"]
[PlyCount "96"]
[EventDate "2017.??.??"]
[WhiteTeam "SC Assen"]
[BlackTeam "SV Ffm-Griesheim"]

1. Nc3 e5 2. Nf3 Nc6 3. d4 exd4 4. Nxd4 d5 5. g3 Nf6 6. Bg5 Bb4 7. Nxc6 bxc6 8.
Qd4 c5 9. Qe5+ Be6 10. e3 O-O 11. a3 Ba5 12. Bd3 h6 13. Bxf6 gxf6 14. Qh5 c4
15. Be2 Rb8 16. O-O-O Bxc3 17. bxc3 Qe7 18. Rd4 Rb1+ 19. Kd2 Rxh1 20. Qxh6 Qxa3
21. Bd1 Qa1 22. Ke2 c5 23. Qxf6 Rxh2 24. Qg5+ Kh7 25. Rh4+ Rxh4 26. Qxh4+ Kg6
27. Kd2 f6 28. f4 Kf7 29. Qh7+ Ke8 30. Qc7 Qa4 31. Bh5+ Rf7 32. f5 Bd7 33. g4
Qc6 34. Qb8+ Ke7 35. Qg8 Be8 36. g5 fxg5 37. Bxf7 Bxf7 38. Qxg5+ Qf6 39. Qf4
Qd6 40. f6+ Qxf6 41. Qc7+ Ke6 42. Qxc5 Qe7 43. Qc6+ Ke5 44. Qh6 Qf6 45. Qh2+
Ke6 46. Qc7 Qf2+ 47. Kc1 Qxe3+ 48. Kb2 Qb6+ 0-1

[Event "29.Schlosspark-Open"]
[Site "Wiesbaden-Biebrich"]
[Date "2017.08.26"]
[Round "4.70"]
[White "Armbrust, Matthias"]
[Black "Wachsmann, Elmar"]
[Result "0-1"]
[WhiteElo "1796"]
[BlackElo "1604"]
[PlyCount "42"]
[EventDate "2017.??.??"]
[WhiteTeam "SF Lindlar"]
[BlackTeam "SC Groß-Umstadt"]

1. e4 e5 2. Nf3 Nc6 3. Bb5 a6 4. Bxc6 dxc6 5. O-O Bd6 6. d4 Qe7 7. h3 Bd7 8.
Nc3 f6 9. dxe5 fxe5 10. Bg5 Nf6 11. Nd2 h6 12. Bh4 O-O-O 13. Qe2 g5 14. Bg3 g4
15. h4 Nh5 16. Qc4 Be6 17. Qa4 Nxg3 18. fxg3 Bc5+ 19. Kh1 Rxd2 20. Rad1 Rhd8
21. Rxd2 Rxd2 0-1

[Event "29.Schlosspark-Open"]
[Site "Wiesbaden-Biebrich"]
[Date "2017.08.26"]
[Round "4.71"]
[White "Kunisch, Nina"]
[Black "Hinz, André"]
[Result "0-1"]
[WhiteElo "1601"]
[BlackElo "1696"]
[PlyCount "52"]
[EventDate "2017.??.??"]
[WhiteTeam "TV-Großostheim"]
[BlackTeam "SC Brett vorm Kopp"]

1. d4 Nc6 2. Nf3 d6 3. Nc3 Nf6 4. e4 g6 5. Be3 Bg7 6. Qd2 Ng4 7. Be2 Nxe3 8.
Qxe3 O-O 9. h4 Bg4 10. O-O-O a6 11. Ng5 Bxe2 12. Nxe2 h6 13. Nh3 e5 14. d5 Nd4
15. g3 c5 16. f3 Qa5 17. a3 b5 18. h5 b4 19. Nxd4 exd4 20. Qb3 Rab8 21. Nf2
Rfc8 22. Qd3 c4 23. Qe2 bxa3 24. bxa3 c3 25. Rdg1 Qxa3+ 26. Kd1 Rb1# 0-1

[Event "29.Schlosspark-Open"]
[Site "Wiesbaden-Biebrich"]
[Date "2017.08.26"]
[Round "4.72"]
[White "Anhalt, Albert"]
[Black "Happel, Jürgen"]
[Result "0-1"]
[WhiteElo "1789"]
[BlackElo "1593"]
[PlyCount "72"]
[EventDate "2017.??.??"]
[WhiteTeam "SG Idstein"]
[BlackTeam "SV Hofheim"]

1. e4 e5 2. Nf3 Nc6 3. Bc4 h6 4. O-O d6 5. d4 exd4 6. c3 Nf6 7. Re1 Ne5 8. Bb3
Bg4 9. cxd4 Nxf3+ 10. gxf3 Bh5 11. Qd3 c6 12. Nd2 Qc7 13. Nf1 O-O-O 14. Ng3 Bg6
15. f4 Bh7 16. Qf3 Bg8 17. Be3 Kb8 18. Rac1 Qd7 19. e5 Nd5 20. Bd2 dxe5 21.
fxe5 Bb4 22. Bxb4 Nxb4 23. Rcd1 Nd5 24. Ne4 Qe7 25. Qg3 Bh7 26. Nd6 Rhg8 27. f4
f6 28. Qf3 f5 29. Bxd5 cxd5 30. Qxd5 g5 31. Kf2 gxf4 32. Qf7 Qh4+ 33. Ke2 Qxh2+
34. Kd3 Rg3+ 35. Kc4 Bg8 36. e6 Qc2+ 0-1

[Event "29.Schlosspark-Open"]
[Site "Wiesbaden-Biebrich"]
[Date "2017.08.26"]
[Round "4.73"]
[White "Lehmann, Wolfgang"]
[Black "Ehmann, Johanna"]
[Result "1-0"]
[WhiteElo "1603"]
[BlackElo "1767"]
[PlyCount "77"]
[EventDate "2017.??.??"]
[WhiteTeam "Wiesbadener SV"]
[BlackTeam "SF Sasbach"]

1. d4 d5 2. Nf3 c5 3. c3 e6 4. Bf4 Nc6 5. e3 Nf6 6. h3 Be7 7. Be2 O-O 8. O-O
Ne4 9. Nbd2 Nxd2 10. Qxd2 Re8 11. Qc2 cxd4 12. exd4 Bd7 13. Bd3 g6 14. Rfe1 Rc8
15. Bh6 Nb4 16. Qd2 Nxd3 17. Qxd3 Bf8 18. Qd2 Bg7 19. Bxg7 Kxg7 20. Ne5 f6 21.
Ng4 Qe7 22. Qh6+ Kg8 23. Qh4 Rf8 24. Re3 h5 25. Ne5 Be8 26. Nd3 g5 27. Qg3 Kh7
28. Rae1 Bf7 29. f4 gxf4 30. Nxf4 Rg8 31. Qf3 Rce8 32. Nxd5 Qd8 33. Nxf6+ Kh8
34. Nxe8 Qxe8 35. Qf6+ Kh7 36. Rf1 Rg7 37. Ref3 Qc6 38. Qh4 Be8 39. Rg3 1-0

[Event "29.Schlosspark-Open"]
[Site "Wiesbaden-Biebrich"]
[Date "2017.08.26"]
[Round "4.74"]
[White "Goodwin, David"]
[Black "Donecker, Stefan"]
[Result "0-1"]
[WhiteElo "1518"]
[BlackElo "1781"]
[PlyCount "68"]
[EventDate "2017.??.??"]
[WhiteTeam "SV Kelsterbach"]
[BlackTeam "TuS Dotzheim"]

1. Nf3 d5 2. g3 c6 3. Bg2 Bg4 4. d3 Nd7 5. O-O e5 6. Nbd2 Bd6 7. Re1 Ne7 8. a3
O-O 9. c4 a5 10. h3 Bh5 11. b3 f5 12. Ng5 Rf6 13. Bb2 Rg6 14. Qc2 Rxg5 15. cxd5
cxd5 16. Nf3 Rg6 17. Nh4 Rh6 18. e4 fxe4 19. dxe4 d4 20. g4 Bxg4 21. hxg4 Rxh4
22. Qe2 Ng6 23. Bc1 Qf6 24. Qc4+ Qf7 25. Qe2 Nf4 26. Bxf4 Qxf4 27. f3 Rf8 28.
Qc4+ Kh8 29. Qe6 Nf6 30. Qf5 Qh2+ 31. Kf1 Nxg4 32. Qd7 Ne3+ 33. Rxe3 dxe3 34.
Qxd6 Rxf3+ 0-1

[Event "29.Schlosspark-Open"]
[Site "Wiesbaden-Biebrich"]
[Date "2017.08.26"]
[Round "4.75"]
[White "Zeyen, Helmut"]
[Black "Vogt, Johannes"]
[Result "1-0"]
[WhiteElo "1781"]
[BlackElo "1511"]
[PlyCount "75"]
[EventDate "2017.??.??"]
[WhiteTeam "Wiesbadener SV"]
[BlackTeam "SG Mörsdorf-Lahr"]

1. e4 e5 2. Nf3 Nf6 3. Nc3 Nc6 4. a3 d6 5. d3 Bg4 6. Be2 Be7 7. Be3 O-O 8. Qd2
d5 9. exd5 Nxd5 10. h3 Bxf3 11. Bxf3 Nxe3 12. fxe3 Bf6 13. Ne4 Qe7 14. Nxf6+
Qxf6 15. O-O Rab8 16. Qc3 Qd6 17. Bxc6 Qxc6 18. Qxc6 bxc6 19. b3 c5 20. e4 f6
21. g4 Kf7 22. Kf2 Ke6 23. Ke3 Rf7 24. h4 c6 25. a4 a5 26. Kd2 Rd7 27. Kc3 Rb4
28. Rf2 h6 29. Raf1 Rf7 30. g5 hxg5 31. hxg5 Rf8 32. gxf6 Rxf6 33. Rxf6+ gxf6
34. Rh1 c4 35. dxc4 Rb6 36. Rh8 Ra6 37. c5 Kf7 38. Rb8 1-0

[Event "29.Schlosspark-Open"]
[Site "Wiesbaden-Biebrich"]
[Date "2017.08.26"]
[Round "4.76"]
[White "Stork, Christopher"]
[Black "Lanz, Udo"]
[Result "1/2-1/2"]
[WhiteElo "1569"]
[BlackElo "1762"]
[PlyCount "72"]
[EventDate "2017.??.??"]
[WhiteTeam "SV Oberursel"]
[BlackTeam "VSG Offenbach"]

1. e4 c5 2. Nf3 Nc6 3. d4 cxd4 4. Nxd4 g6 5. Nc3 Bg7 6. Be3 Nf6 7. Bc4 Qa5 8.
f3 Qb4 9. Bb3 Nxe4 10. fxe4 Bxd4 11. Bxd4 Nxd4 12. O-O O-O 13. Nd5 Qc5 14. Kh1
Nxb3 15. axb3 b6 16. b4 Qd6 17. Nf6+ Kg7 18. Qxd6 exd6 19. Rad1 Ba6 20. Rf2 Bb5
21. b3 a6 22. c4 Bc6 23. Rxd6 Ra7 24. Rfd2 b5 25. Nxd7 Bxd7 26. Rxd7 Rxd7 27.
Rxd7 bxc4 28. bxc4 Rb8 29. b5 axb5 30. cxb5 Rxb5 31. Kg1 Rb4 32. e5 Re4 33. Rd5
Re2 34. Kf1 Ra2 35. Rd7 Kf8 36. e6 fxe6 1/2-1/2

[Event "29.Schlosspark-Open"]
[Site "Wiesbaden-Biebrich"]
[Date "2017.08.26"]
[Round "4.77"]
[White "Werner, Tom"]
[Black "Meyer, Marcel"]
[Result "1-0"]
[WhiteElo "1516"]
[BlackElo "1748"]
[PlyCount "111"]
[EventDate "2017.??.??"]
[WhiteTeam "VSG Offenbach"]
[BlackTeam "SC Herborn"]

1. c4 c6 2. Nc3 d5 3. d4 Bf5 4. Bf4 Nf6 5. e3 e6 6. Bd3 Bxd3 7. Qxd3 Bb4 8.
Nge2 O-O 9. a3 Be7 10. b4 Nbd7 11. c5 Nh5 12. O-O Nxf4 13. Nxf4 e5 14. dxe5
Nxe5 15. Qc2 b6 16. Na4 b5 17. Nb2 a5 18. Rfd1 axb4 19. axb4 Rxa1 20. Rxa1 Qc7
21. Ra2 Qb7 22. Qb1 Nc4 23. Qa1 Bf6 24. Nfd3 Bc3 25. Qc1 Bf6 26. Qa1 Bc3 27.
Qc1 Nxb2 28. Qxc3 Na4 29. Qd4 Re8 30. Nb2 Ra8 31. h3 Ra7 32. Qe5 h6 33. Qe8+
Kh7 34. Qd8 Ra8 35. Qd6 Nc3 36. Rxa8 Qxa8 37. Kh2 Ne4 38. Qe5 Qc8 39. f3 Nf6
40. Nd3 Qd7 41. g4 Ng8 42. Qd6 Qe6 43. Ne5 Ne7 44. f4 Ng6 45. Qxe6 fxe6 46.
Nxc6 Kg8 47. Nd4 e5 48. Nxb5 exf4 49. exf4 Kf8 50. Kg3 Ke7 51. c6 Nf8 52. Nd4
g6 53. b5 Kd6 54. b6 Nh7 55. c7 Kd7 56. Nb5 1-0